Anatomy research international

Detalles Bibliográficos
Formato: Electrónico Revista
Lenguaje:inglés
Publicado: Cairo : Hindawi Pub. Corp.
Materias:
Acceso en línea:Full text available from Research Library: 01/01/2011 to 01/31/2018

MARC

LEADER 00000nas a2200000 a 4500
001 ssj0000603429
003 WaSeSS
005 20200512172242.0
006 m d
007 cr n
008 110628d20112018ua uu p s 0 a0eng c
010 |a  2011243887 
016 7 |a 101571232  |2 DNLM 
016 7 |a 018924586  |2 Uk 
022 |a 2090-2751  |l 2090-2743  |y 2090-2743 
035 |a (WaSeSS)ssj0000603429 
040 |a FQM  |b eng  |e pn  |c FQM  |d UV0  |d NLM  |d CUS  |d OCLCQ  |d OCLCO  |d OCLCF  |d OCLCO  |d OCLCQ  |d OCLCO  |d DLC  |d OCLCQ  |d SHS  |d CASUM  |d OCLCO  |d OCLCA  |d NLM  |d VT2  |d UKMGB  |d WaSeSS 
042 |a pcc 
050 0 0 |a QL801 
060 1 0 |a W1 
210 1 |a Anat res int  |b (Online) 
222 0 |a Anatomy research international  |b (Online) 
245 0 0 |a Anatomy research international  |h [electronic resource]. 
260 |a Cairo :  |b Hindawi Pub. Corp. 
362 1 |a Began with vol. 2011, article ID 287860; ceased with Volume 2018 (2018) 
506 |a License restrictions may limit access. 
515 |a Articles added intermittently throughout the year, grouped by year, with each article also assigned an article ID no. 
588 |a Description based on: Vol. 2011, article ID 287860; title from journal home (Publisher's Web site, viewed June 22, 2011). 
588 |a Latest issue consulted: Vol. 2016, article ID 6907472 (Publisher's Web site, viewed Mar. 30, 2016). 
650 0 |a Anatomy  |v Periodicals. 
650 7 |a Anatomy.  |2 fast  |0 (OCoLC)fst00808440 
650 1 2 |a Anatomy. 
650 2 2 |a Musculoskeletal System  |x anatomy & histology. 
655 0 |a Electronic journals. 
776 0 8 |i Print version:  |t Anatomy research international  |x 2090-2743 
850 |a DLC 
856 4 0 |z Full text available from Research Library: 01/01/2011 to 01/31/2018  |u https://search.proquest.com/publication/2037472